[Event "8th Dolomiti Open 2017"]
[Site "Forni di Sopra"]
[Date "2017.06.10"]
[Round "1.11"]
[White "Vezzosi, Paolo"]
[Black "Gasperi, Fosco"]
[Result "1-0"]
[WhiteElo "2333"]
[BlackElo "2104"]
[Annotator "TA"]
[PlyCount "77"]
[EventDate "2017.??.??"]
[EventType "swiss"]
[EventCountry "ITA"]
[SourceTitle "playchess.com"]
[Source "ChessBase"]
[SourceQuality "1"]

{[%evp 9,77,14,13,10,6,8,17,9,12,8,4,18,13,-18,35,29,42,34,30,24,56,50,66,61,52,0,0,-3,0,-45,-13,-22,14,-45,-23,-27,-25,-28,0,-23,46,-65,-79,-72,-40,-163,-68,-50,-49,-45,-51,-122,15,0,0,0,0,0,261,268,259,261,256,262,281,231,417,430,422,416]} 1. Nf3 d5 2. c4 c6 3. b3 Bf5 4. d3 (4. Bb2 e6 5. e3 Nd7 6. Be2 h6 7. Nd4 Bh7 8. Bh5 Nc5 9. O-O Nf6 10. f4 Qd7 11. Be2 Nd3 12. Bc3 dxc4 13. bxc4 {½-½ (32) Cordova,E (2609)-Alsina Leal,D (2553) Catalunya 2014}) 4... e6 5. g3 Nf6 6. Bg2 {A12: English Opening: 1...c6 with b3 by White} Nbd7 7. Bb2 Be7 8. Nh4 {The position is equal.} Bg4 9. Nd2 O-O 10. h3 Bh5 11. g4 Bg6 (11... Ne8 $1 $11) 12. O-O $146 ({Predecessor:} 12. Nxg6 fxg6 13. Qc2 a5 14. e4 {0-1 (39) Safr,J (1631)-Kotva,M (2055) Karlovy Vary 2009}) 12... Qc7 {next ...Nxg4! is good for Black.} 13. Ndf3 a5 14. Qc2 Rac8 15. Rad1 Rfe8 16. Nxg6 hxg6 17. e4 (17. e3 $14) 17... dxe4 $11 18. dxe4 e5 19. Ne1 Bc5 20. Nd3 Bd4 21. c5 (21. Bxd4 $11 exd4 22. Rfe1) 21... Bxb2 22. Nxb2 Nf8 23. Nc4 Rcd8 24. Qc3 Ne6 (24... N6d7 $11) 25. Nxa5 (25. Qxa5 $14 Qxa5 26. Nxa5) 25... Nf4 $15 26. Qb4 Rd4 27. Qb6 {[#]} (27. Rxd4 $15 exd4 28. Nc4) 27... Qe7 (27... Qd7 $1 $19 28. Rxd4 Ne2+ 29. Kh2 exd4 30. Qxb7 Nxg4+ 31. Kh1 (31. hxg4 $2 Qxg4 32. Bh3 Qf4+ 33. Kg2 Qxe4+ 34. Kh2 Qe5+ 35. Kh1 Qh5 $19) 31... Qxb7 32. Nxb7 Ne5) 28. Rxd4 exd4 29. Qxb7 Qxc5 30. e5 ({Better is} 30. Nc4 $1 $15) 30... Rxe5 ({Don't take} 30... Qxa5 31. exf6 gxf6 32. Bxc6 $15) (30... Qxe5 $17 31. Nxc6 Qd6) 31. Nxc6 Re8 32. Qb4 $36 {[%mdl 2048] White fights for an advantage.} Qc3 33. Kh2 Qb2 $2 {[%mdl 8192] [#]} (33... g5 $11) 34. Qxd4 $18 Qxd4 35. Nxd4 Rd8 36. Nf3 Ne4 37. h4 Nd2 $2 (37... Rb8 38. Nd4 Nc3) 38. Rd1 Nxf3+ 39. Bxf3 {Precision: White = 28%, Black = 32%.} 1-0

[Event "8th Dolomiti Open 2017"]
[Site "Forni di Sopra"]
[Date "2017.06.10"]
[Round "1.12"]
[White "Vezzani, Stefano"]
[Black "Qendro, Llambi"]
[Result "1/2-1/2"]
[WhiteElo "2071"]
[BlackElo "2328"]
[Annotator "TA"]
[PlyCount "53"]
[EventDate "2017.??.??"]
[EventType "swiss"]
[EventCountry "ITA"]
[SourceTitle "playchess.com"]
[Source "ChessBase"]
[SourceQuality "1"]

{[%evp 9,53,10,29,9,14,0,9,-13,33,-19,0,0,0,-15,0,-17,27,27,22,-9,-15,-39,-22,-44,-43,-48,-56,-51,-36,-41,-42,-42,-22,-27,-25,-43,-38,-40,-40,-38,0,0,102,48,71,14]} 1. e4 g6 2. Nc3 Bg7 3. g3 d6 4. Bg2 Nf6 5. Nge2 c6 (5... O-O 6. O-O e5 7. d3 c6 8. h3 Nbd7 9. Kh2 Nc5 {½-½ (9) Jovanovic,Z (2560)-Medak,B (2415) Babina Greda 2014}) 6. a4 {B06: Modern Defence} O-O 7. O-O e5 8. d3 {The position is equal.} Be6 9. h3 (9. f4 $14) 9... Qd7 $146 ({Predecessor:} 9... Na6 10. g4 Nc7 11. Ng3 Nfe8 12. f4 Qh4 13. Qe1 exf4 14. Bxf4 {1-0 (45) Lach,A (2016)-Lezhepekova,V (1801) Sibenik 2007}) 10. Kh2 d5 11. f4 exf4 12. Nxf4 d4 13. Nce2 c5 14. c4 Nc6 15. Bd2 a5 16. Qb3 Nb4 17. Rf2 Qc7 18. Nd5 Bxd5 19. cxd5 Nd7 20. Bf4 Ne5 21. Bxe5 Bxe5 22. Qc4 Qe7 23. Nf4 Kh8 24. Rf3 g5 25. Nh5 {[#]} f6 (25... f5 $1 $11 {[%mdl 512] remains equal.}) 26. Kg1 ({White should try} 26. Rf5 $16) 26... b6 27. g4 {Precision: White = 38%, Black = 46%.} (27. Raf1 $16) 1/2-1/2